Robert E. Howard Bibliography - Statistics

General Stats
  • This quiz has been taken 49 times
  • The average score is 108 of 462
Answer Stats
Type Year Name % Correct
Short Story Collection 1967 Kull
95%
Short Story 1934 Queen of the Black Coast
95%
Novel 1950 The Hour of the Dragon
95%
Short Story 2003 The House in Oaks
95%
Short Story 1933 The Tower of the Elephant
95%
Short Story Collection 1975 The Tower of the Elephant
95%
Novel 1939 Almuric
93%
Short Story 1935 Beyond the Black River
93%
Novella 1936 Red Nails
93%
Short Story 1932 The Phoenix on the Sword
93%
Short Story 1933 The Scarlet Citadel
93%
Novella 1934 A Witch Shall Be Born
90%
Short Story 1933 Black Colossus
90%
Short Story 1932 Lord of Samarcand
90%
Short Story Collection 1968 Red Shadows
90%
Short Story 1968 Red Shadows
90%
Short Story 1934 Rogues in the House
90%
Short Story 1953 The Frost-Giant's Daughter
90%
Novella 1934 The People of the Black Circle
90%
Short Story 1934 The Shadow of the Vulture
90%
Short Story 1933 The Slithering Shadow
90%
Short Story 1932 Worms of the Earth
90%
Synopsis 1988 Bran Mak Morn
88%
Play 1983 Bran Mak Morn: A Play
88%
Short Story 1931 Red Blades of Black Cathay
88%
Short Story Collection 1971 Red Blades of Black Cathay
88%
Short Story 1933 The Lion of Tiberias
88%
Short Story 1932 The Sowers of the Thunder
88%
Short Story 1967 Wolves Beyond the Border
88%
Short Story 1936 Black Canaan
85%
Poem 1965 Cimmeria
85%
Short Story 1975 Guns of Khartum
85%
Short Story 1925 In the Forest of Villefère
85%
Short Story 1935 Jewels of Gwahlur
85%
Short Story Collection 1979 Jewels of Gwahlur
85%
Short Story Collection 1932 People of the Dark
85%
Short Story 1967 Riders Beyond the Sunrise
85%
Short Story 1936 She Devil (Wild Bill Clanton)
85%
Novella 1929 Skull-Face
85%
Short Story 1968 Skulls in the Stars
85%
Short Story 1968 Solomon Kane's Homecoming
85%
Short Story 1936 The Dead Remember
85%
Short Story 1952 The God in the Bowl
85%
Short Story 1934 The Haunter of the Ring
85%
Short Story 1968 The Hills of the Dead
85%
Essay 1936 The Hyborian Age
85%
Short Story 1970 The Little People
85%
Short Story 1933 The Pool of the Black One
85%
Short Story 1977 The Return of Skull-Face
85%
Short Story 1967 The Shadow Kingdom
85%
Short Story 1977 The Shadow of the Beast
85%
Short Story 1932 The Thing on the Roof
85%
Short Story 1934 The Valley of the Worm
85%
Short Story 1970 Usurp the Night
85%
Short Story 1968 Wings in the Night
85%
Short Story 1926 Wolfshead
85%
Short Story 1936 Black Hound of Death
83%
Short Story 1939 Gates of Empire
83%
Short Story ???? Man
83%
Novella 1972 Marchers of Valhalla
83%
Short Story 1938 Pigeons from Hell
83%
Short Story 1968 Rattle of Bones
83%
Short Story 1969 Restless Waters
83%
Short Story 1935 Shadows in Zamboula
83%
Short Story 1975 Sword Woman
83%
Short Story 1953 The Black Stranger
83%
Short Story 1931 The Children of the Night
83%
Short Story 1976 The Dwellers Under the Tombs
83%
Short Story 1936 The Fire of Asshurbanipal
83%
Short Story 1968 The Footfalls Within
83%
Short Story 1931 The Gods of Bal-Sagoth
83%
Short Story 1933 The Man on the Ground
83%
Short Story 1968 The Moon of Skulls
83%
Short Story 1970 The Noseless Horror
83%
Short Story Collection 1973 Tigers of the Sea
83%
Short Story 1974 Tigers of the Sea
83%
Short Story 1968 Delenda Est
80%
Short Story 1937 Dig Me No Grave
80%
Short Story 1931 Hawks of Outremer
80%
Short Story 1928 Sea Curse
80%
Short Story 1967 Secret of Lost Valley
80%
Short Story 1935 The Grisly Horror
80%
Short Story 1932 The Horror from the Mound
80%
Short Story Collection 1939 The Road of Azrael
80%
Short Story 1976 The Road of Azrael
80%
Novella 1955 The Road of the Eagles
80%
Short Story 1967 The Skull of Silence
80%
Short Story 1967 The Vale of Lost Women
80%
Short Story 1966 Valley of the Lost
80%
Short Story 1952 Witch from Hell's Kitchen
80%
Short Story 1968 Blades of the Brotherhood
78%
Short Story 1967 By This Axe I Rule!
78%
Short Story 1925 Spear and Fang
78%
Short Story 1974 The Black Bear Bites
78%
Short Story 1934 The Devil in Iron
78%
Poem 1975 A Legend of Faring Town
75%
Short Story 1933 Old Garfield's Heart
75%
Short Story 1934 Shadows in the Moonlight
75%
Short Story 1930 The Fearsome Touch of Death
75%
Short Story 1967 The Mirrors of Tuzun Thune
75%
Short Story 1973 Casonetto's Last Song
73%
Short Story 1928 The Hyena
73%
Short Story 1927 The Lost Race
73%
Short Story 1996 The Twilight of the Grey Gods
73%
Short Story 1975 Blades for France
70%
Short Story 1966 For the Love of Barbara Allen
70%
Short Story 1967 Out of the Deep
70%
Short Story 1974 Swords of the Northern Sea
70%
Short Story 1967 Swords of the Purple Kingdom
70%
Poem 1969 The Drums of Pictdom
70%
Short Story 1969 The Night of the Wolf
70%
Short Story 1968 The Right Hand of Doom
70%
Short Story 1967 Exile of Atlantis
68%
Short Story 1934 Names in the Black Book
68%
Short Story 1968 The Cobra in the Dream
68%
Short Story 1930 Kings of the Night
65%
Short Story 1978 Spears of Clontarf
65%
Short Story 1934 The Garden of Fear
65%
Short Story 1967 The King and the Oak
65%
Short Story 1931 The Dark Man
63%
Short Story 1967 Dermod's Bane
60%
Short Story 1977 Nekht Semerkeht
60%
Short Story 1986 Dagon Manor
58%
Short Story 1936 Graveyard Rats
58%
Short Story 1967 Delcardes' Cat
50%
Short Story 1971 Mistress of Death
50%
Short Story 1930 The Voice of El-Lil
50%
Short Story Collection 1981 Lord of the Dead
48%
Short Story 1933 The Cairn on the Headland
48%
Short Story 1978 The Lord of the Dead
48%
Short Story 1938 A Thunder of Trumpets
45%
Short Story 1936 Black Wind Blowing
45%
Short Story 1933 Black Talons
43%
Short Story 1968 The Castle of the Devil
38%
Short Story 1970 Two Against Tyre
38%
Short Story 1977 The Tomb of the Dragon
30%
Poem ???? A Song of the Race
28%
Short Story 1936 The Purple Heart of Erlik
28%
Short Story 1976 Daughters of the Feud
18%
Novel 1990 Post Oaks & Sand Roughs
15%
Short Story 1936 Son of the White Wolf
15%
Short Story 1976 Three-Bladed Doom
15%
Short Story 1934 A Gent from Bear Creek
13%
Short Story Collection 1937 A Gent from Bear Creek
13%
Short Story 1979 The Slave-Princess
13%
Short Story 1971 A Dream
8%
Short Story 1987 The Coming of El Borak
8%
Essay 1928 Them
8%
Short Story 1930 Waterfront Fists
8%
Short Story 1979 Hawks Over Egypt
5%
Short Story 1935 Boot-Hill Payoff
3%
Short Story 1965 Knife, Bullet and Noose
3%
Short Story 1931 The Blood of Belshazzar
3%
Short Story 1930 The Iron Man
3%
Short Story 1979 The Track of Bohemund
3%
Short Story ???? A Boy, a Beehive, and a Chinaman
0%
Short Story ???? A Faithful Servant
0%
Short Story 1926 After the Game
0%
Short Story 1990 Age Lasting Love
0%
Short Story 1936 A Gent from the Pecos
0%
Short Story 1923 Aha! or The Mystery of the Queen's Necklace
0%
Short Story 1974 A Horror in the Night
0%
Short Story 1974 A Knight of the Round Table
0%
Short Story 1934 Alleys of Darkness
0%
Short Story 1931 Alleys of Peril
0%
Short Story 1966 Alleys of Treachery
0%
Short Story ???? A Man and a Brother
0%
Short Story 1936 A Man-Eating Jeopard
0%
Short Story ???? A Man of Peace
0%
Short Story ???? A Man of Peace
0%
Short Story 1986 A Matter of Age
0%
Short Story 1929 Ambition by Moonlight
0%
Short Story 1987 A Power Among the Islands
0%
Short Story 1932 Arkham
0%
Short Story ???? A South Sea Storm
0%
Short Story 1986 A Touch of Color
0%
Short Story ???? A Tough Nut to Crack
0%
Short Story ???? A Twentieth-Century Rip Van Winkle
0%
Short Story ???? A Unique Hat
0%
Short Story 1987 Bastards All!
0%
Short Story 1991 Bill Smalley and the Power of the Human Eye
0%
Short Story 1967 Black Abyss
0%
Short Story 1973 Black Country
0%
Short Story 1967 Black Eons
0%
Short Story 1967 Black Eons
0%
Short Story 1938 Black Vulmea's Vengeance
0%
Short Story 1936 Blood of the Gods
0%
Short Story 1931 Blow the Chinks Down!
0%
Short Story 1987 Blue River Blues
0%
Short Story 1998 Brachen the Kelt
0%
Short Story 1931 Breed of Battle
0%
Short Story 1988 Brotherly Advice
0%
Short Story 1996 By the Law of the Shark
0%
Poem ???? Candles
0%
Short Story 1930 Champ of the Forecastle
0%
Short Story ???? Circus Charade
0%
Short Story 1931 Circus Fists
0%
Short Story 1931 College Socks
0%
Short Story 1929 Crowd Horror
0%
Short Story 1935 Cupid from Bear Creek
0%
Short Story 1927 Cupid vs. Pollux
0%
Short Story 1932 Dark Shanghai
0%
Short Story 1968 Death's Black Riders
0%
Short Story 1936 Desert Blood
0%
Short Story 1988 Desert Rendezvous
0%
Short Story 1974 Devils of Dark Lake
0%
Short Story 1971 Diogenes of Today
0%
Play 1983 Double Cross
0%
Short Story 1928-1929 Drums of the Sunset
0%
Short Story 1966 Drums of Tombalku
0%
Short Story 1971 Eighttoes Makes a Play
0%
Short Story 1987 El Borak
0%
Short Story 1929 Etched in Ebony
0%
Short Story 1968 Etchings in Ivory
0%
Short Story 1934 Fangs of Gold
0%
Short Story ???? Fate Is the Killer
0%
Short Story ???? Fighting Nerves
0%
Short Story 1930 Fist and Fang
0%
Short Story ???? Fistic Psychology
0%
Short Story ???? Fistic Psychology
0%
Short Story 1976 Fists of the Revolution
0%
Short Story 1996 Flying Knuckles
0%
Short Story ???? Friends
0%
Short Story 1934 General Ironfist
0%
Short Story 1977 Genseric's Fifth-Born Son
0%
Short Story 1936 Gents on the Lynch
0%
Short Story 1922 Golden Hope Christmas
0%
Short Story 1985 Golnor the Ape
0%
Short Story 1984 Guests of the Hoodoo Room
0%
Short Story 1978 Gunman's Debt
0%
Short Story 1934 Guns of the Mountain
0%
Short Story 1924 Halt! Who Goes There?
0%
Short Story 1983 Hand of the Black Goddess
0%
Short Story 1996 Hard-Fisted Sentiment
0%
Short Story 1968 Hawk of Basti
0%
Short Story 1935 Hawk of the Hills
0%
Short Story 1936 High Horse Rampage
0%
Short Story ???? Incongruity
0%
Short Story 1974 In High Society
0%
Short Story ???? In His Own Image
0%
Short Story 1986 Intrigue in Kurdistan
0%
Short Story 1936 Iron-Jaw
0%
Short Story 1975 Isle of Pirate's Doom
0%
Short Story 1987 Khoda Khan's Tale
0%
Essay 1928 Kid Dula Due to Be Champion
0%
Short Story 1937 Knife River Prodigal
0%
Short Story 1925 La Gentil Homme la Diable
0%
Short Story 1985 Lal Singh, Oriental Gentleman
0%
Short Story 1974 Law-Shooters of Cowtown
0%
Short Story ???? Lobo Volante
0%
Short Story 1931 Man with the Mystery Mitts
0%
Short Story 1967 Mayhem and Taxes
0%
Short Story 1968 Meet Cap'n Kidd
0%
Poem 1969 Men of the Shadows
0%
Essay 1928 Midnight
0%
Short Story 1929 Midnight
0%
Short Story 1986 Miss High-Hat
0%
Short Story Collection ???? Mitso' Demsey
0%
Essay 1928 More Evidences of the Innate Divinity of Man
0%
Short Story 1934 Mountain Men
0%
Short Story ???? Mr. Dowser Buys a Car
0%
Short Story 1937 Murderer's Grog
0%
Short Story 1968 Musings of a Moron
0%
Short Story 1986 Nerve
0%
Short Story N/A Night Encounter
0%
Short Story 1932 Night of Battle
0%
Short Story 1936 No Cowherders Wanted
0%
Short Story 1987 North of Khyber
0%
Short Story ???? Over the Rockies in a Ford
0%
Short Story 1986 Pay Day
0%
Short Story ???? Pigskin Scholar
0%
Short Story 1936 Pilgrims to the Pecos
0%
Short Story 1936 Pistol Politics
0%
Short Story 1974 Playing Journalist
0%
Short Story 1974 Playing Santa Claus
0%
Short Story 1988 Red Curls and Bobbed Hair
0%
Short Story ???? Right Hook
0%
Short Story 1977 Sailor Costigan and the Swami
0%
Short Story 1971 Sailor Dorgan and the Jade Monkey
0%
Short Story 1930 Sailor's Grudge
0%
Short Story 1974 Serpent Vines
0%
Short Story ???? Shackled Mitts
0%
Short Story 1937 Sharp's Gun Serenade
0%
Short Story 1999 She-Cats of Samarcand
0%
Short Story 1983 Ship in Mutiny
0%
Short Story 1973 Showdown at Hell's Canyon
0%
Short Story N/A Six-Gun Interview
0%
Short Story 1926 Sleeping Beauty
0%
Short Story 1934 Sluggers on the Beach
0%
Short Story 1987 Songs of Bastards
0%
Short Story 1984 Sons of Hate
0%
Short Story 1972 Spanish Gold on Devil Horse
0%
Short Story Early 1920s Spears of the East
0%
Short Story 1967 Striped Shirts and Busted Hearts
0%
Short Story 1969 Sunday in a Small Town
0%
Short Story 1934 Swords of Shahrazar
0%
Short Story 1976 Swords of the Red Brotherhood
0%
Short Story ???? Tallyho!
0%
Short Story ???? Ten Minutes on a Street Corner
0%
Short Story 1931 Texas Fists
0%
Short Story 1944 Texas John Alden
0%
Short Story 1975 The Abbey
0%
Short Story 1967 The Altar and the Scorpion
0%
Short Story 1935 The Apache Mountain War
0%
Short Story 1929 The Apparition of the Prize Ring
0%
Short Story ???? The Atavist
0%
Short Story ???? The Battling Sailor
0%
Short Story ???? The Battling Sailor
0%
Essay 2014 The Beast from the Abyss
0%
Play 1983 The Black Moon
0%
Short Story 1931 The Black Song
0%
Short Story 1986 The Block
0%
Short Story ???? The Brand of Satan
0%
Short Story 1975 The Brazen Peacock
0%
Short Story 1930 The Bull Dog Breed
0%
Short Story 1935 The Challenge from Beyond
0%
Short Story 1968 The Children of Asshur
0%
Short Story 1936 The Conquerin' Hero of the Humbolts
0%
Short Story 1936 The Country of the Knife
0%
Short Story 1936 The Curly Wolf of Sawtooth
0%
Short Story 1977 The Curse of Greed
0%
Short Story 1976 The Curse of the Crimson God
0%
Short Story 1934 The Daughter of Erlik Khan
0%
Short Story 1974 The Destiny Gorilla
0%
Short Story 1986 The Devil in His Brain
0%
Short Story 1975 The Devil's Joker
0%
Short Story 1976 The Devil's Woodchopper
0%
Play 1983 The Diablos Trail
0%
Short Story ???? The Dominant Male
0%
Short Story 1977 The Door to Garden
0%
Short Story 1936 The Dragon of Kao Tsu
0%
Short Story ???? The Drawing Card
0%
Short Story ???? The Drawing Card
0%
Short Story 1928 The Dream Shake
0%
Short Story ???? The Drifter
0%
Short Story 1970 The Extermination of Yellow Donory
0%
Short Story 1984 The Fear-Master
0%
Short Story ???? The Feminine of the Species
0%
Short Story ???? The Ferocious Ape
0%
Short Story ???? The Ferocious Ape
0%
Short Story 1935 The Feud Buster
0%
Short Story ???? The Fighting Fury
0%
Short Story ???? The Fishing Trip
0%
Short Story ???? The Folly of Conceit
0%
Short Story ???? The Funniest Bout
0%
Short Story 1985 The Further Adventures of Lal Singh
0%
Essay 1928 The Galveston Affair
0%
Short Story ???? The Ghost Behind the Gloves
0%
Short Story 1969 The Ghost in the Doorway
0%
Short Story ???? The Ghost of Bald Rock Ranch
0%
Essay 1931 The Ghost of Camp Colorado
0%
Short Story 1986 The Ghost with the Silk Hat
0%
Short Story 1975 The Gondarian Man
0%
Short Story 1931 The Good Knight
0%
Short Story 2003 The Guardian of the Idol
0%
Short Story 1967 The Hall of the Dead
0%
Short Story 1967 The Hand of Nergal
0%
Short Story 1983 The Hand of Obeah
0%
Short Story 1978 The Hashish Land
0%
Short Story 1969 The Haunted Hut
0%
Short Story 1935 The Haunted Mountain
0%
Short Story 1970 The Heathen
0%
Short Story 1996 The Honor of the Ship
0%
Short Story 1984 The House of Om
0%
Short Story 1976 The House of Suspicion
0%
Short Story 1925 The Ideal Girl
0%
Essay 1925 The Ideal Girl
0%
Short Story ???? The Influence of the Movies
0%
Short Story Collection 1976 The Iron Man & Other Tales of the Ring
0%
Short Story 1987 The Iron Terror
0%
Short Story 1979 The Isle of the Eons
0%
Short Story ???? The Ivory Camel
0%
Short Story ???? The Jinx
0%
Short Story 1975 The King's Service
0%
Short Story ???? The Land of Forgotten Ages
0%
Short Story 1987 The Land of Mystery
0%
Short Story 1976 The Last Laugh
0%
Short Story 1964 The Last White Man
0%
Short Story ???? The Lion Gate
0%
Short Story 1975 The Loser
0%
Short Story 1974 The Lost Valley of Iskander
0%
Short Story ???? The Man Who Went Back
0%
Short Story 1986 The Mark of the Bloody Hand
0%
Short Story 1981 The Mystery of Tannernoe Lodge
0%
Short Story 1986 The Nut's Shell
0%
Short Story 1968 The One Black Strain
0%
Short Story 1929 The Pit of the Serpent
0%
Short Story ???? The Punch
0%
Short Story ???? The Recalcitrant
0%
Short Story ???? The Red Stone
0%
Short Story 1927 The Reformation: A Dream
0%
Short Story 1968 The Return of Sir Richard Grenville
0%
Short Story 1976 The Return of the Sorcerer
0%
Short Story 1936 The Riot at Bucksnort
0%
Short Story 1935 The Riot at Cougar Paw
0%
Short Story 1934 The Road to Bear Creek
0%
Short Story 1934 The Scalp Hunter
0%
Short Story 1966 The Shadow of Doom
0%
Short Story 1975 The Shadow of the Hun
0%
Short Story 1923 The Sheik
0%
Short Story 1987 The Shunned Castle
0%
Short Story 1931 The Sign of the Snake
0%
Short Story 1984 The Silver Heel
0%
Short Story ???? The Slayer
0%
Short Story 1934 The Slugger's Game
0%
Short Story 1969 The Snout in the Dark
0%
Short Story 1988 The Sonora Kid-Cowhand
0%
Short Story 1988 The Sonora Kid's Winning Hand
0%
Short Story 1986 The Sophisticate
0%
Short Story 1987 The Spell of Damballah
0%
Short Story ???? The Splendid Brute
0%
Short Story 1989 The Stones of Destiny
0%
Short Story 1967 The Striking of the Gong
0%
Short Story 1984 The Supreme Moment
0%
Short Story 1985 The Tale of the Rajah's Ring
0%
Short Story 1974 The Temple of Abomination
0%
Short Story ???? The Texas Wildcat
0%
Short Story 1927 The Thessalians
0%
Short Story 1977 The Thunder-Rider
0%
Short Story 1931 The TNT Punch
0%
Short Story 1934 The Tomb's Secret
0%
Short Story 1998 The Tower of Time
0%
Short Story 1986 The Trail of Doom
0%
Short Story ???? The Treasure of Henry Morgan
0%
Short Story 1935 The Treasure of Tartary
0%
Short Story 1974 The Turkish Menace
0%
Short Story 1984 The Voice of Death
0%
Short Story 1986 The Voice of the Mob
0%
Short Story 1936 The Vultures of Whapeton
0%
Short Story ???? The Weeping Willow
0%
Short Story 1988 The West Tower
0%
Short Story ???? The Wheel Turns
0%
Short Story ???? The White Jade Ring
0%
Short Story 2010 The White Jag Ring
0%
Short Story ???? The Wild Man
0%
Short Story N/A The Wild Man
0%
Short Story ???? The Wings of the Bat
0%
Short Story 1976 They Always Come Back
0%
Short Story 1974 The Yellow Cobra
0%
Short Story ???? Through the Ages
0%
Essay 1928 To a Man Whose Name I Never Knew
0%
Short Story ???? Trail of the Snake
0%
Short Story 1974 Under the Baobab Tree
0%
Short Story 1923 Under the Great Tiger
0%
Short Story 1923 Unhand Me, Villain
0%
Short Story 1932 Vikings of the Gloves
0%
Short Story 1936 Vulture's Sanctuary
0%
Short Story 1935 War on Bear Creek
0%
Short Story 1926 Weekly Short Stories
0%
Short Story ???? Weeping Willow
0%
Short Story 1922 West Is West
0%
Short Story N/A Westward Ho!
0%
Short Story ???? What the Deuce?
0%
Short Story 1971 When Bear Creek Came to Chawed Ear
0%
Short Story 1956 While Smoke Rolled
0%
Short Story 1975 Wild Water
0%
Short Story 1930 Winner Take All
0%
Essay 1937 With a Set of Rattlesnake Rattles
0%
Short Story 1967 Wizard and Warrior
0%
Short Story 1988 Wolfsdung
0%
Short Story 1927 Ye College Days
0%
Short Story ???? Yellow Laughter
0%
No matching quizzes found
Score Distribution
Percent of People with Each Score
Percentile by Number Answered
Your Score History
You have not taken this quiz